| 000 | 00472nam a22001217a 4500 | ||
|---|---|---|---|
| 999 |
_c9870 _d9870 |
||
| 003 | OSt | ||
| 008 | 201203b ||||| |||| 00| 0 eng d | ||
| 245 | _aThe IUP Journal of Telecommunications | ||
| 250 | _a2015(Feb Vol.7 No.1, May Vol.7 No.2, Aug Vol.7 No.3, Nov Vol.7 No.4) 2016(Feb Vol.8 No.1, May Vol.8 No.2, Aug Vol.8 No.3, Nov Vol.8 No.4) | ||
| 260 |
_bIUP Publications _aHyderabad, Andhra Pradesh |
||
| 650 | _aElectronics and Communication Engineering | ||
| 942 |
_2ddc _cBV |
||